[Event "Golden Cleopatra op"]
[Site "Cairo"]
[Date "2016.12.14"]
[Round "2"]
[White "Ameir, Moheb"]
[Black "Ibrahim, Sarwat"]
[Result "1/2-1/2"]
[WhiteElo "2421"]
[BlackElo "1989"]
[PlyCount "55"]
[EventDate "2016.12.13"]
[EventType "swiss"]
[EventRounds "10"]
[EventCountry "EGY"]
[SourceTitle "CBM 176 Extra"]
[Source "ChessBase"]
[SourceDate "2017.03.02"]
[SourceVersion "1"]
[SourceVersionDate "2017.03.02"]
[SourceQuality "1"]

1. e4 c5 2. Nf3 d6 3. Bb5+ Bd7 4. Bxd7+ Qxd7 5. 0-0 Nc6 6. Qe2 e6 7. Rd1 0-0-0 8. d4 cxd4 9. Nxd4 Nxd4 10. Rxd4 d5 11. exd5 exd5 12. Nc3 Qe6 13. Bg5 Qxe2 14. Nxe2 f6 15. Be3 Bc5 16. Rd3 Bxe3 17. Rxe3 Nh6 18. Rd1 Nf5 19. Rc3+ Kb8 20. Rcd3 Rhe8 21. Kf1 Re5 22. Nf4 Ne7 23. c4 Re4 24. Nxd5 Nxd5 25. cxd5 Kc7 26. f3 Rb4 27. b3 Kd6 28. Re1 1/2-1/2

[Event "Cairo Egyptian op"]
[Site "Cairo"]
[Date "2016.04.25"]
[Round "5"]
[White "El Amary, Kamal"]
[Black "Ibrahim, Sarwat"]
[Result "1-0"]
[WhiteElo "2281"]
[BlackElo "1995"]
[PlyCount "67"]
[EventDate "2016.04.22"]
[EventType "swiss"]
[EventRounds "9"]
[EventCountry "EGY"]
[SourceTitle "CBM 172 Extra"]
[Source "ChessBase"]
[SourceDate "2016.06.21"]
[SourceVersion "1"]
[SourceVersionDate "2016.06.21"]
[SourceQuality "1"]

1. Nf3 Nf6 2. g3 d5 3. Bg2 e6 4. 0-0 Nbd7 5. d4 Bd6 6. c4 c6 7. b3 0-0 8. Bb2 Qe7 9. Nc3 dxc4 10. bxc4 e5 11. e3 Rd8 12. Qc2 Bc7 13. Rfd1 exd4 14. exd4 Nb6 15. Na4 Nxa4 16. Qxa4 Bf5 17. Re1 Qd7 18. Ne5 Bxe5 19. dxe5 Ne8 20. Ba3 Qc7 21. Qb4 c5 22. Qxc5 Qxc5 23. Bxc5 Rac8 24. Bxa7 Rxc4 25. Bb6 Rd7 26. a4 Kf8 27. a5 Ke7 28. h3 g6 29. Be3 Kd8 30. Rec1 Rxc1+ 31. Rxc1 Ke7 32. g4 Bd3 33. Rc8 Nc7 34. Bc5+ 1-0

[Event "Cairo Egyptian op"]
[Site "Cairo"]
[Date "2015.11.16"]
[Round "2"]
[White "Sarwat, Walaa"]
[Black "Ibrahim, Sarwat"]
[Result "1-0"]
[WhiteElo "2339"]
[BlackElo "1998"]
[PlyCount "36"]
[EventDate "2015.11.15"]
[EventType "swiss"]
[EventRounds "11"]
[EventCountry "EGY"]
[SourceTitle "CBM 170 Extra"]
[Source "ChessBase"]
[SourceDate "2016.02.25"]
[SourceVersion "1"]
[SourceVersionDate "2016.02.25"]
[SourceQuality "1"]

1. e4 c5 2. Nf3 d6 3. Nc3 a6 4. d4 cxd4 5. Nxd4 Nf6 6. f4 e6 7. Qf3 Qc7 8. Bd3 Nc6 9. Be3 Be7 10. 0-0-0 Nxd4 11. Bxd4 e5 12. fxe5 dxe5 13. Qg3 Be6 14. Bxe5 Qa5 15. Nd5 Nxd5 16. exd5 Bxd5 17. Bxg7 Bxa2 18. Rhe1 Be6 1-0

[Event "EGY-ch final"]
[Site "Cairo"]
[Date "2007.12.09"]
[Round "8"]
[White "Ibrahim, Sarwat"]
[Black "Zayan, Osama"]
[Result "1-0"]
[WhiteElo "2073"]
[BlackElo "2231"]
[PlyCount "83"]
[EventDate "2007.12.01"]
[EventType "swiss"]
[EventRounds "9"]
[EventCountry "EGY"]
[SourceTitle "EXT 2019"]
[Source "ChessBase"]
[SourceDate "2018.10.10"]
[SourceVersion "1"]
[SourceVersionDate "2018.10.10"]
[SourceQuality "1"]

1. e4 e5 2. Nf3 Nc6 3. Bc4 Nf6 4. d4 exd4 5. 0-0 Bc5 6. e5 d5 7. exf6 dxc4 8. Re1+ Be6 9. Ng5 Qd5 10. Nc3 Qf5 11. Nce4 0-0-0 12. fxg7 Rhg8 13. Nxe6 fxe6 14. Bh6 Be7 15. Ng3 Qg6 16. Qh5 e5 17. Qh3+ Kb8 18. Nf5 Bf6 19. a3 Rde8 20. Re4 Ne7 21. Nxe7 Rxe7 22. Rae1 Bxg7 23. Rg4 Qf7 24. Bg5 Rd7 25. Qxh7 Rh8 26. Qe4 a6 27. c3 Rf8 28. Bh4 Qf5 29. Qxf5 Rxf5 30. Rge4 b5 31. g4 Rf3 32. Kg2 Rd3 33. cxd4 exd4 34. Re7 Rxe7 35. Rxe7 c3 36. bxc3 dxc3 37. Rxg7 a5 38. Rg5 c6 39. Rc5 Kb7 40. Bf6 b4 41. axb4 axb4 42. Rc4 1-0

[Event "EGY-ch final"]
[Site "Cairo"]
[Date "2007.12.04"]
[Round "4"]
[White "Salid, Ibrahim"]
[Black "Ibrahim, Sarwat"]
[Result "1/2-1/2"]
[WhiteElo "2097"]
[BlackElo "2073"]
[PlyCount "55"]
[EventDate "2007.12.01"]
[EventType "swiss"]
[EventRounds "9"]
[EventCountry "EGY"]
[SourceTitle "EXT 2019"]
[Source "ChessBase"]
[SourceDate "2018.10.10"]
[SourceVersion "1"]
[SourceVersionDate "2018.10.10"]
[SourceQuality "1"]

1. d4 Nf6 2. c4 e6 3. Nc3 Bb4 4. Qc2 c5 5. a3 cxd4 6. axb4 dxc3 7. bxc3 Qc7 8. e4 0-0 9. f4 d5 10. e5 Ne4 11. Bd3 f5 12. exf6 Nxf6 13. cxd5 exd5 14. Nf3 Re8+ 15. Ne5 Nc6 16. 0-0 Nxe5 17. fxe5 Qxe5 18. Bf4 Qh5 19. Qf2 a6 20. b5 Bf5 21. bxa6 Bxd3 22. axb7 Rxa1 23. Rxa1 Nd7 24. Qg3 Qe2 25. h3 Ba6 26. b8Q Nxb8 27. Bxb8 Re6 28. Ba7 1/2-1/2